000 01201naa a2200325 c 4500
001 50235
999 _c50235
_d50235
003 ES-MaCES
005 20171120123807.0
008 171120s2017 sz ||||| t||||||| ||spa d
040 _aES-MaCES
_bspa
_cES-MaCES
_dES-MaCES
100 1 _98822
_aCamós Victoria, Ignacio
245 1 3 _aEl e-recruitment o la selección 2.0 y sus límites legales
_cIgnacio Camós Victoria
500 _aResumen
504 _aBibliografía: p. 143-145
650 4 _928291
_arecursos humanos
650 4 _928294
_aoferta de mano de obra
650 4 _930039
_aselección
650 4 _928323
_acontratación
650 4 _930788
_anuevas tecnologías
650 4 _928236
_acambio tecnológico
650 4 _930572
_aInternet
650 4 _930592
_ared social
650 4 _927180
_adiscriminación
650 4 _930649
_aigualdad de oportunidades en el empleo
650 4 _929496
_aprotección de los datos
653 1 0 _aEmpleo
773 0 _986615
_dBern [etc.] Peter Lang [2017]
_o089512
_tLos actuales cambios sociales y laborales : nuevos retos para el mundo del trabajo
_w(ES-MaCES)50006
_z9783034328517
_gp. 115-145. - SG-2.0.-410
902 _aARL Artículo de libro
942 _2CES
_cAR
_h2.0.